Classification du vivant : QCM - Statistiques

Statistiques générales
  • Ce quiz a été pris 144 fois
  • Le résultat moyen est 7 sur 15
Statistiques - réponses
Question Réponse % Correct
La pomme Golden est : une variété de pomme
71%
Le règne végétal comporte les plantes, mais pas les champignons ni les bactéries
58%
Le nom latin du chien est Canis lupus familiaris. Que cela signifie-t-il ? Le chien est une sous espèce de loup
58%
Le nom latin de la souris est Mus musculus Mus est le nom de genre et musculus le nom d'espèce
55%
Les Mollusques constituent Un embranchement
55%
Les Champignons constituent Un règne
55%
La science de la classification du vivant est la systématique
52%
Lorsque la classification a été définie, les êtres vivants ont été nommés en latin, parce qu'à l'époque, le latin était la langue scientifique universelle
52%
Quelle est la bonne hiérarchie ? Classe > Ordre > Famille > Genre
48%
Les Vertébrés constituent Un sous-embranchement
48%
On doit la classification "classique" des espèces au Suédois Carl von Linné au XVIIIème siècle
39%
La classification comporte un niveau au-dessus du règne qui est l'empire Oui, il distingue les Procaryotes des Eucaryotes
35%
Les Mammifères constituent Une classe
35%
Les Ruminants constituent Un sous-ordre
29%
Les Rongeurs constituent Un ordre
23%
Aucun quiz correspondant
Distribution des résultats
% des personnes avec chaque résultat
Percentile par nombre de réponses
Votre historique - résultats
Vous n’avez pas pris ce quiz